[Event "Kieler Open 2014-A"]
[Site "Kiel"]
[Date "2014.08.03"]
[Round "3.37"]
[White "Henschen, Patrick"]
[Black "Oltzen, Samuel"]
[Result "1/2-1/2"]
[WhiteElo "1667"]
[BlackElo "1847"]
[PlyCount "97"]
[EventDate "2014.??.??"]
[WhiteTeam "Segeberg"]
[BlackTeam "Lübeck"]

1. d4 Nf6 2. c4 c5 3. d5 e6 4. Nc3 exd5 5. cxd5 d6 6. e4 g6 7. g3 Bg7 8. Bg2
O-O 9. Nge2 a6 10. a4 Nbd7 11. O-O Rb8 12. a5 Ne5 13. f4 Ned7 14. Qc2 Re8 15.
Nd1 b5 16. axb6 Qxb6 17. Ne3 Nf8 18. Nc4 Qd8 19. Nc3 Qe7 20. Re1 N6d7 21. Na4
Bb7 22. Bd2 h5 23. Bc3 Nf6 24. Nxd6 Qxd6 25. e5 Qd8 26. exf6 Bxf6 27. Nxc5
Rxe1+ 28. Rxe1 Bxc3 29. bxc3 Qb6 30. Qf2 Ba8 31. Na4 Qb5 32. Qd4 Nd7 33. d6
Bxg2 34. Kxg2 Rc8 35. Kf2 Rb8 36. Re2 Qf5 37. Qa7 Qh3 38. Ke1 Rb1+ 39. Kd2 Nf8
40. Qxa6 Qf1 41. Ke3 Qg1+ 42. Kf3 Rf1+ 43. Ke4 Qh1+ 44. Ke3 Qg1+ 45. Ke4 Qh1+
46. Ke3 Qd5 47. Rf2 Qe6+ 48. Kf3 Qd5+ 49. Ke3 1/2-1/2

[Event "Kieler Open 2014-A"]
[Site "Kiel"]
[Date "2014.08.03"]
[Round "3.38"]
[White "von Koschitzky, Tilo"]
[Black "Jacobsen, Trond"]
[Result "0-1"]
[WhiteElo "1825"]
[BlackElo "1678"]
[PlyCount "67"]
[EventDate "2014.??.??"]
[WhiteTeam "Doppelbauer Kiel"]
[BlackTeam "Oslo"]

1. f4 g6 2. g3 Bg7 3. e4 d6 4. d4 Nf6 5. Bg2 O-O 6. Be3 Nbd7 7. e5 Ne8 8. Nf3
b6 9. e6 Ndf6 10. exf7+ Rxf7 11. Ng5 Rb8 12. Nxf7 Kxf7 13. O-O Bb7 14. Bxb7
Rxb7 15. Qf3 Qc8 16. Nc3 c6 17. Rae1 d5 18. f5 Nd6 19. Bg5 Nxf5 20. g4 Nxd4 21.
Qd1 Ne6 22. Qe2 Kg8 23. Bh6 Nc5 24. Bxg7 Qxg4+ 25. Qg2 Qxg2+ 26. Kxg2 Kxg7 27.
Rf4 Nce4 28. Nxe4 Nxe4 29. c4 e5 30. Rh4 Rf7 31. Re2 Kf6 32. b4 Ke6 33. Rh3 Ng5
34. cxd5+ 0-1

[Event "Kieler Open 2014-A"]
[Site "Kiel"]
[Date "2014.08.03"]
[Round "3.40"]
[White "Röhl, Manfred"]
[Black "Nixdorf, André"]
[Result "0-1"]
[WhiteElo "1823"]
[BlackElo "1964"]
[PlyCount "90"]
[EventDate "2014.??.??"]
[WhiteTeam "Bremen-Nord"]
[BlackTeam "Norderstedt"]

1. d4 d5 2. Nf3 Nf6 3. e3 Bf5 4. Be2 e6 5. Nbd2 Be7 6. O-O h6 7. Ne5 O-O 8. f4
Nbd7 9. b3 c6 10. c3 Qc7 11. Ndf3 Ne4 12. Bb2 Ndf6 13. Nh4 Bh7 14. Qe1 Qd8 15.
Nhf3 a5 16. Nd3 a4 17. Nfe5 a3 18. Bc1 Qc7 19. Bd2 c5 20. Nf2 Nxf2 21. Rxf2 Ne4
22. Rf3 Rac8 23. c4 Nxd2 24. Qxd2 Be4 25. Rh3 Rfd8 26. cxd5 Rxd5 27. Bc4 Rd6
28. Qf2 cxd4 29. exd4 Rxd4 30. Qe1 Bf5 31. Rf3 Rcd8 32. Rc1 Qd6 33. Be2 Rd2 34.
Nc4 Qd4+ 35. Kh1 Rxa2 36. Rf1 b5 37. Ne5 Qd2 38. Qxd2 Rdxd2 39. Bf3 Bf6 40. Rc5
b4 41. Nc6 Bc3 42. Ne7+ Kh7 43. Nxf5 exf5 44. Rxf5 Ra1 45. Rxa1 Bxa1 0-1

[Event "Kieler Open 2014-A"]
[Site "Kiel"]
[Date "2014.08.03"]
[Round "4.2"]
[White "Lanka, Zigurds"]
[Black "Simantsev, Mikhail"]
[Result "1/2-1/2"]
[WhiteElo "2451"]
[BlackElo "2448"]
[PlyCount "43"]
[EventDate "2014.??.??"]
[WhiteTeam "Schott Mainz"]

1. e4 c5 2. Nf3 e6 3. d4 cxd4 4. Nxd4 a6 5. Nc3 b5 6. Bd3 Qb6 7. Nb3 Qc7 8. Qe2
Bb7 9. O-O Nf6 {(=) w 0:03 s 0:02} 10. f4 b4 11. Nd1 Be7 12. c3 O-O 13. Kh1 Nc6
14. Bd2 d5 15. e5 Ne4 16. Rc1 Nxd2 17. Qxd2 Qb6 18. Ne3 bxc3 19. bxc3 a5 20.
Nd4 Nxd4 21. cxd4 Ba6 22. Ng4 {(=) Zeitverbrauch: w 0:41 s 1:44} 1/2-1/2

[Event "Kieler Open 2014-A"]
[Site "Kiel"]
[Date "2014.08.03"]
[Round "4.3"]
[White "Koop, Thorben"]
[Black "Turner, Matthew J"]
[Result "1/2-1/2"]
[WhiteElo "2194"]
[BlackElo "2483"]
[PlyCount "74"]
[EventDate "2014.??.??"]
[WhiteTeam "Lingen"]

1. c4 Nf6 2. Nc3 c6 3. e4 e5 4. Nf3 Qa5 5. Be2 d6 6. O-O Bg4 7. Ne1 Bxe2 8.
Qxe2 Nbd7 9. Nc2 Be7 10. d4 O-O 11. d5 cxd5 12. cxd5 Rfc8 13. Bd2 Nb6 14. Ne3
g6 15. f3 Nfd7 16. Rfc1 Qa6 17. Kf1 Qxe2+ 18. Kxe2 a6 19. b3 Bg5 20. Na4 Kf8
21. Nxb6 Nxb6 22. Ba5 Bd8 23. Bb4 Ke7 24. a4 Rxc1 25. Rxc1 Rc8 26. Rh1 Nd7 27.
Kd3 b5 28. axb5 axb5 29. Ra1 Bb6 30. Nc2 f5 31. Na3 Bc5 32. Nc2 fxe4+ 33. fxe4
Rf8 34. Be1 Bf2 35. b4 Bxe1 36. Rxe1 Ra8 37. Ra1 Rxa1 1/2-1/2

[Event "Kieler Open 2014-A"]
[Site "Kiel"]
[Date "2014.08.03"]
[Round "4.4"]
[White "Kang, Chuanqi"]
[Black "Franz, Karsten"]
[Result "1/2-1/2"]
[WhiteElo "2302"]
[BlackElo "2191"]
[PlyCount "89"]
[EventDate "2014.??.??"]
[BlackTeam "Dresden-Leuben"]

1. e4 g6 2. d4 Bg7 3. Nc3 d6 4. Be3 Nc6 5. Qd2 e5 6. Nge2 Nf6 7. d5 Ne7 8. f3
c6 9. dxc6 bxc6 10. O-O-O d5 11. f4 Qc7 12. fxe5 Nxe4 13. Nxe4 dxe4 14. Nc3 O-O
15. Qd6 Qb7 16. Bg5 Nf5 17. Qc5 Re8 18. Nxe4 Bxe5 19. Nf6+ Bxf6 20. Bxf6 Qb6
21. Qc3 Qe3+ 22. Qd2 Qe6 23. Bc3 Qxa2 24. b3 c5 25. Bb5 Nd4 26. Bxd4 cxd4 27.
Qxd4 Bf5 28. Qb2 Qxb2+ 29. Kxb2 Re5 30. Ba6 Rb8 31. Rd6 Kf8 32. Ra1 Ke7 33. Rd4
Rc5 34. Rc4 Rd5 35. Rc7+ Kd6 36. Rxa7 Rd2 37. Rc1 Rxg2 38. Rxf7 Rxh2 39. Bc4 h5
40. Kc3 Rh3+ 41. Kd4 Rd8 42. Ra1 Rh4+ 43. Kc3 Rh3+ 44. Kd4 Rh4+ 45. Kc3 1/2-1/2

[Event "Kieler Open 2014-A"]
[Site "Kiel"]
[Date "2014.08.03"]
[Round "4.5"]
[White "Voelzke, Ferdinand"]
[Black "Bente, Björn"]
[Result "1/2-1/2"]
[WhiteElo "2170"]
[BlackElo "2285"]
[PlyCount "29"]
[EventDate "2014.??.??"]
[WhiteTeam "Turm Kiel"]
[BlackTeam "Hamburg"]

1. Nf3 d5 2. g3 c6 3. Bg2 Bg4 4. O-O Nd7 5. d4 e6 6. Nbd2 Ngf6 7. b3 Be7 8. Bb2
O-O 9. Re1 h6 10. e4 dxe4 11. Nxe4 Nxe4 12. Rxe4 Nf6 13. Re1 Bb4 14. c3 Bd6 15.
Qd2 1/2-1/2

[Event "Kieler Open 2014-A"]
[Site "Kiel"]
[Date "2014.08.03"]
[Round "4.6"]
[White "Chetverik, Maxim"]
[Black "Rulofs, Henrik"]
[Result "0-1"]
[WhiteElo "2254"]
[BlackElo "1776"]
[PlyCount "106"]
[EventDate "2014.??.??"]
[BlackTeam "Turm Kiel"]

1. d4 Nf6 2. c4 c5 3. d5 e6 4. Nf3 exd5 5. cxd5 d6 6. e4 Bg4 7. Qa4+ Bd7 8. Qc2
g6 9. a4 Bg7 10. Bd3 O-O 11. O-O Re8 12. Na3 Na6 13. Bxa6 bxa6 14. Nd2 Rb8 15.
Nac4 Qe7 16. f3 Nh5 17. Nb3 Rb4 18. g4 Nf6 19. Bf4 Bxa4 20. Rxa4 Rxa4 21. Nxd6
Rd8 22. Qxc5 Bf8 23. Re1 Rxd6 24. Bxd6 Qxd6 25. Qxd6 Bxd6 26. e5 Bb4 27. Rd1
Nd7 28. f4 Bc5+ 29. Kg2 Be3 30. e6 fxe6 31. dxe6 Nf6 32. Rd8+ Kg7 33. g5 Rxf4
34. gxf6+ Kxf6 35. Rf8+ Ke7 36. Rh8 Rf2+ 37. Kg3 Rxb2 38. Na5 Bb6 39. Rxh7+
Kxe6 40. Nc6 a5 {(w1:58 s1:16)} 41. Nxa7 a4 42. Nc8 Bc5 43. Rc7 Kd5 44. Ne7+
Bxe7 45. Rxe7 a3 46. Ra7 a2 47. h4 Kc4 48. Kf4 Rd2 49. Kg5 Rg2+ 50. Kf6 Kb3 51.
Ra6 Rg4 52. Rb6+ Rb4 53. Ra6 Rxh4 0-1

[Event "Kieler Open 2014-A"]
[Site "Kiel"]
[Date "2014.08.03"]
[Round "4.7"]
[White "Kardoeus, David"]
[Black "Hofer, Emilian"]
[Result "0-1"]
[WhiteElo "2003"]
[BlackElo "2197"]
[PlyCount "54"]
[EventDate "2014.??.??"]
[WhiteTeam "Werder Bremen"]
[BlackTeam "Jedesheim"]

1. e4 e5 2. Bc4 Nc6 3. Nf3 Nf6 4. Ng5 d5 5. exd5 Na5 6. Bb5+ c6 7. dxc6 bxc6 8.
Qf3 Qc7 9. Bd3 Be7 10. b3 h6 11. Ne4 Nxe4 12. Bxe4 O-O 13. Bf5 e4 14. Qxe4 Bf6
15. Nc3 Ba6 16. Qe3 Rfe8 17. Be4 Bxc3 18. dxc3 f5 19. f3 fxe4 20. f4 Rad8 21.
c4 Qb6 22. O-O Nb7 23. f5 Rf8 24. g4 Rf7 25. Rf4 Rd1+ 26. Kf2 Nc5 27. Bb2 Nd3+
0-1

[Event "Kieler Open 2014-A"]
[Site "Kiel"]
[Date "2014.08.03"]
[Round "4.8"]
[White "Voloshin, Leonid"]
[Black "Petri, Alexander"]
[Result "1/2-1/2"]
[WhiteElo "2403"]
[BlackElo "2164"]
[PlyCount "41"]
[EventDate "2014.??.??"]
[BlackTeam "Doppelbauer Kiel"]

1. d4 d5 2. c4 c6 3. e3 Nf6 4. Nc3 a6 5. Nf3 b5 6. cxd5 cxd5 7. Ne5 e6 8. Bd3
Bd6 9. O-O Bb7 10. Bd2 O-O 11. f4 Nbd7 12. Be1 Ne4 13. a4 b4 14. Nxe4 dxe4 15.
Be2 a5 16. Bb5 Nb6 17. Bd2 f5 18. Nc4 Bd5 19. b3 Nc8 20. Qe2 Na7 21. Ba6
1/2-1/2

[Event "Kieler Open 2014-A"]
[Site "Kiel"]
[Date "2014.08.03"]
[Round "4.9"]
[White "Neumann, Frank"]
[Black "Wichmann, Cliff"]
[Result "0-1"]
[WhiteElo "2028"]
[BlackElo "2361"]
[PlyCount "80"]
[EventDate "2014.??.??"]
[WhiteTeam "Agon Neumünster"]
[BlackTeam "Nickelhütte Aue"]

1. d4 d5 2. c4 dxc4 3. Nf3 Nf6 4. Nc3 c5 5. e3 e6 6. Bxc4 a6 7. O-O b5 8. Bd3
Bb7 9. Qe2 Nbd7 10. Rd1 Qc7 11. e4 b4 12. Na4 cxd4 13. Nxd4 e5 14. Nf5 Qc6 15.
b3 Nxe4 16. Bxe4 Qxe4 17. Qxe4 Bxe4 18. Nd6+ Bxd6 19. Rxd6 Bf5 20. Nb6 Ke7 21.
Rxd7+ Bxd7 22. Nxa8 Rxa8 23. a3 bxa3 24. Bxa3+ Kf6 25. Bc5 Bb5 26. f3 Rd8 27.
Ra2 Ke6 28. Kf2 f5 29. Ke1 Rd3 30. b4 Rb3 31. Rf2 Kd5 32. Bf8 Bd3 33. Ra2 g6
34. Kd2 Bc4 35. Rc2 e4 36. fxe4+ fxe4 37. Kc1 e3 38. Bh6 Kd4 39. Bg7+ Kd3 40.
Bh6 Rxb4 0-1

[Event "Kieler Open 2014-A"]
[Site "Kiel"]
[Date "2014.08.03"]
[Round "4.10"]
[White "Uksini, Bardhyl"]
[Black "Hildenbrand, Peter"]
[Result "1-0"]
[WhiteElo "2063"]
[BlackElo "2240"]
[PlyCount "83"]
[EventDate "2014.??.??"]
[WhiteTeam "Hamburg"]
[BlackTeam "Leimen"]

1. d4 d6 2. Nf3 g6 3. g3 Bg7 4. Bg2 Nf6 5. O-O O-O 6. c4 Na6 7. Nc3 c5 8. d5
Nc7 9. Qd3 a6 10. a4 a5 11. e4 Nd7 12. Bf4 Na6 13. Qe3 Nb4 14. Rac1 f6 15. Bh6
Ne5 16. Bxg7 Nxf3+ 17. Bxf3 Kxg7 18. Bg2 Bd7 19. f4 Qe8 20. b3 e5 21. dxe6 Qxe6
22. Rfd1 Bc6 23. Nd5 Bxd5 24. cxd5 Qe7 25. Re1 Rae8 26. Qd2 Qc7 27. Bh3 Qb6 28.
Rc4 Na6 29. Qc3 Nc7 30. Qd3 Rf7 31. e5 Rfe7 32. e6 f5 33. g4 fxg4 34. Bxg4 Rf8
35. f5 h5 36. Bh3 g5 37. Kh1 Ne8 38. Rg1 Kh6 39. Rxg5 $3 Kxg5 40. Qg3+ Kf6 41.
Qg6+ Ke5 42. f6 {und matt!} 1-0

[Event "Kieler Open 2014-A"]
[Site "Kiel"]
[Date "2014.08.03"]
[Round "4.11"]
[White "Van Voorthuijsen, Peewee"]
[Black "Diederichs, Luise"]
[Result "1-0"]
[WhiteElo "2206"]
[BlackElo "1968"]
[PlyCount "35"]
[EventDate "2014.??.??"]
[WhiteTeam "Amsterdam"]
[BlackTeam "Hermannsburg"]

1. d4 d5 2. Nf3 Nf6 3. c4 c6 4. Nc3 e6 5. g3 dxc4 6. Bg2 b5 7. Ne5 Nd5 8. e4
Nxc3 9. bxc3 Bb7 10. O-O Nd7 11. f4 Nxe5 12. fxe5 c5 13. d5 Qc7 14. d6 Qd7 15.
Be3 Rc8 16. Qf3 g6 17. Bg5 Bg7 18. Be7 1-0

[Event "Kieler Open 2014-A"]
[Site "Kiel"]
[Date "2014.08.03"]
[Round "4.12"]
[White "Neumann, Joachim"]
[Black "Schramm, Bernd"]
[Result "1/2-1/2"]
[WhiteElo "2179"]
[BlackElo "2024"]
[PlyCount "97"]
[EventDate "2014.??.??"]
[WhiteTeam "Kieler SG"]
[BlackTeam "Kieler SG"]

1. c4 e5 2. g3 Nc6 3. Bg2 f5 4. Nc3 Nf6 5. d3 Be7 6. e3 O-O 7. Nge2 d6 8. O-O
Qe8 9. Nd5 Nxd5 10. cxd5 Nd8 11. Bd2 c5 12. dxc6 bxc6 13. Ba5 d5 14. Bc7 Nf7
15. Qd2 Bd7 16. f4 Bd6 17. Ba5 Qe7 18. Rfe1 Rab8 19. a3 Rfe8 20. Bc3 exf4 21.
exf4 Qe3+ 22. Qxe3 Rxe3 23. Rad1 Rbe8 24. Kf2 Bc5 25. Nd4 Rxe1 26. Rxe1 Rxe1
27. Kxe1 Bb6 28. Nb3 Nd8 29. Be5 Kf7 30. Ke2 g6 31. d4 Nb7 32. Ke3 Ke6 33. Bf1
Bc8 34. Ba6 Nd6 35. Bxd6 Bxa6 36. Bc5 Bf1 37. Nd2 Bg2 38. Nb1 Be4 39. Nc3 Kd7
40. b4 Kc7 41. a4 Kb7 42. a5 Bd8 43. Kd2 g5 44. Bd6 g4 45. Na4 h5 46. Nc5+ Kc8
47. Ke3 h4 48. Kf2 Bf6 49. Ke3 1/2-1/2

[Event "Kieler Open 2014-A"]
[Site "Kiel"]
[Date "2014.08.03"]
[Round "4.13"]
[White "Nixdorf, André"]
[Black "Nonnenmacher, Thomas"]
[Result "1/2-1/2"]
[WhiteElo "1964"]
[BlackElo "2174"]
[PlyCount "47"]
[EventDate "2014.??.??"]
[WhiteTeam "Norderstedt"]
[BlackTeam "Pinneberg"]

1. e4 Nf6 2. e5 Nd5 3. d4 d6 4. c4 Nb6 5. exd6 exd6 6. Nc3 Be7 7. Bd3 Nc6 8.
Nge2 O-O 9. O-O Bg4 10. Be3 Nb4 11. b3 Nxd3 12. Qxd3 Qd7 13. Rfe1 Bf5 14. Qd2
Bf6 15. Rac1 c6 16. Bg5 Bxg5 17. Qxg5 h6 18. Qd2 Rfe8 19. Ng3 Bg6 20. Rxe8+
Rxe8 21. Re1 Kf8 22. Re3 Rxe3 23. Qxe3 Qe6 24. Qxe6 1/2-1/2

[Event "Kieler Open 2014-A"]
[Site "Kiel"]
[Date "2014.08.03"]
[Round "4.14"]
[White "Boyens, Birger"]
[Black "Rozycki, Bartlomiej"]
[Result "0-1"]
[WhiteElo "1925"]
[BlackElo "2128"]
[PlyCount "47"]
[EventDate "2014.??.??"]
[WhiteTeam "Husum"]
[BlackTeam "KS Laura Chylice"]

1. e4 e5 2. Nf3 Nc6 3. Bb5 Nf6 4. Qe2 a6 5. Bxc6 dxc6 6. d4 exd4 7. e5 Nd5 8.
Nxd4 Nf4 9. Bxf4 Qxd4 10. Bc1 Bg4 11. c3 Qd7 12. f3 Bf5 13. Bg5 Bxb1 14. Rxb1
Qf5 15. O-O Qxg5 16. e6 Bc5+ 17. Kh1 O-O 18. Rbd1 Bd6 19. f4 Qf6 20. f5 Rad8
21. Qc4 fxe6 22. fxe6 Qe5 23. Rxf8+ Kxf8 24. Rf1+ 0-1

[Event "Kieler Open 2014-A"]
[Site "Kiel"]
[Date "2014.08.03"]
[Round "4.15"]
[White "Buchholz, Sebastian"]
[Black "Christensen, Andreas"]
[Result "1-0"]
[WhiteElo "2120"]
[BlackElo "1733"]
[PlyCount "148"]
[EventDate "2014.??.??"]
[WhiteTeam "Doppelbauer Kiel"]
[BlackTeam "Hamburger SK"]

1. e4 e6 2. d4 d5 3. Nd2 Nf6 4. e5 Nfd7 5. Ngf3 c5 6. c3 Nc6 7. Bd3 f6 8. exf6
Nxf6 9. O-O cxd4 10. cxd4 Bd6 11. Re1 O-O 12. Nf1 Nb4 13. Bb1 Bd7 14. a3 Nc6
15. b4 Rc8 16. Ng3 Qc7 17. Ng5 Rce8 18. Qd3 e5 19. Nxh7 e4 20. Nxf6+ Rxf6 21.
Qd1 Ref8 22. Ba2 Be6 23. Be3 Qd7 24. Nxe4 dxe4 25. d5 Ne7 26. dxe6 Qc7 27. Qh5
Bf4 28. Qc5 Qd8 29. Rad1 Qe8 30. Rd7 Bxe3 31. fxe3 Rf2 32. Qg5 R8f6 33. Red1
Qf8 34. Bc4 R2f5 35. Qxf5 Rxf5 36. Rd8 Kh7 37. Rxf8 Rxf8 38. Rd7 Nf5 39. Rxb7
Nxe3 40. e7 Rc8 41. Bb5 Rc1+ 42. Kf2 Ng4+ 43. Kg3 Nf6 44. e8=Q Rc3+ 45. Kf4
Nxe8 46. Bxe8 Rxa3 47. Kxe4 Ra1 48. Kf3 a5 49. bxa5 Rxa5 50. Bb5 Ra1 51. Kf4
Rc1 52. Bd3+ Kg8 53. Bg6 Rc4+ 54. Kf5 Rc5+ 55. Ke4 Rc8 56. h4 Rc4+ 57. Kd5 Rc8
58. Ke6 Ra8 59. h5 Kh8 60. Ke7 Rc8 61. Rd7 Rf8 62. Rd8 Rg8 63. Rxg8+ Kxg8 64.
Ke6 Kh8 65. Kf5 Kg8 66. Kg5 Kh8 67. h6 Kg8 68. Bc2 Kh8 69. Kg6 gxh6 70. Kxh6
Kg8 71. g4 Kh8 72. g5 Kg8 73. g6 Kh8 74. g7+ Kg8 1-0

[Event "Kieler Open 2014-A"]
[Site "Kiel"]
[Date "2014.08.03"]
[Round "4.16"]
[White "Beeck, Mats"]
[Black "Friebe, Martin"]
[Result "1-0"]
[WhiteElo "1897"]
[BlackElo "2066"]
[PlyCount "65"]
[EventDate "2014.??.??"]
[WhiteTeam "Doppelbauer Kiel"]
[BlackTeam "Kieler SG"]

1. d4 d5 2. c4 e6 3. Nc3 f5 4. Nf3 c6 5. Bf4 Nf6 6. e3 Nbd7 7. Bd3 Be7 8. Qc2
O-O 9. h3 Ne4 10. g4 Bb4 11. Ke2 b6 12. gxf5 exf5 13. cxd5 c5 14. Nxe4 fxe4 15.
Bxe4 Nf6 16. Bd3 Nxd5 17. Bxh7+ Kh8 18. Be5 cxd4 19. Bxg7+ Kxg7 20. Qg6+ Kh8
21. Qh6 Rf6 22. Bg6+ Kg8 23. Rhg1 Ba6+ 24. Bd3+ Kf7 25. Qh7+ Ke8 26. Bxa6 Nc7
27. Rg8+ Bf8 28. Qh5+ Ke7 29. Qh7+ Ke8 30. Bd3 Qd6 31. Nxd4 Nd5 32. Bb5+ Kd8
33. Ba6 1-0

[Event "Kieler Open 2014-A"]
[Site "Kiel"]
[Date "2014.08.03"]
[Round "4.17"]
[White "Horn, Sven"]
[Black "Neuendorf, Max"]
[Result "0-1"]
[WhiteElo "2158"]
[BlackElo "1885"]
[PlyCount "74"]
[EventDate "2014.??.??"]
[WhiteTeam "Oberschöneweide"]
[BlackTeam "Flensburg"]

1. e4 e6 2. d3 d5 3. Nd2 Nf6 4. Ngf3 c5 5. g3 Nc6 6. Bg2 Be7 7. O-O O-O 8. Re1
b5 9. e5 Nd7 10. c4 bxc4 11. dxc4 Nb6 12. cxd5 exd5 13. a3 Be6 14. h4 Qc7 15.
Nf1 Rab8 16. Bg5 Rfe8 17. Bf4 d4 18. Rc1 Nc4 19. b3 Nb2 20. Qd2 Rxb3 21. Nxd4
Nxd4 22. Qxd4 Rd8 23. Qe4 Nd3 24. Rb1 Nxe1 25. Rxb3 Bxb3 26. Qxe1 Be6 27. Ne3
Qd7 28. Be4 c4 29. Qb1 g6 30. h5 Qe8 31. hxg6 fxg6 32. Qb7 Qd7 33. Qa6 g5 34.
Bc6 Qd4 35. Bb5 Qb6 36. Nf5 Bxf5 37. Bxc4+ Kf8 0-1

[Event "Kieler Open 2014-A"]
[Site "Kiel"]
[Date "2014.08.03"]
[Round "4.18"]
[White "Hauptmann, Thomas"]
[Black "Skogvall, Martina"]
[Result "1/2-1/2"]
[WhiteElo "1971"]
[BlackElo "2060"]
[PlyCount "37"]
[EventDate "2014.??.??"]
[WhiteTeam "Amsterdam"]
[BlackTeam "SF Berlin"]

1. e4 d6 2. d4 Nf6 3. Nc3 g6 4. Bg5 Bg7 5. Qd2 c6 6. a4 a5 7. Nf3 O-O 8. Be2
Na6 9. O-O c5 10. d5 Nc7 11. h3 Re8 12. Rfe1 Nd7 13. Rab1 f6 14. Bf4 Ne5 15.
Nxe5 fxe5 16. Bg5 Rf8 17. Bc4 Kh8 18. Qe3 Qe8 19. b3 1/2-1/2

[Event "Kieler Open 2014-A"]
[Site "Kiel"]
[Date "2014.08.03"]
[Round "4.19"]
[White "Rabe, Klaus"]
[Black "Simon, Christopher"]
[Result "1/2-1/2"]
[WhiteElo "2054"]
[BlackElo "1960"]
[PlyCount "40"]
[EventDate "2014.??.??"]
[WhiteTeam "Kieler SG"]
[BlackTeam "Bad Schwartau"]

1. Nf3 f5 2. d4 Nf6 3. c4 e6 4. g3 d5 5. Bg2 c6 6. O-O Bd6 7. Bf4 O-O 8. Nbd2
Ne4 9. Bxd6 Nxd6 10. Qc2 Nd7 11. Ne5 f4 12. Ndf3 Nxe5 13. Nxe5 Nf5 14. Rad1 Qg5
15. c5 fxg3 16. hxg3 Nxd4 17. Rxd4 Qxe5 18. Rh4 Qf5 19. e4 Qg6 20. Qc3 Bd7
1/2-1/2

[Event "Kieler Open 2014-A"]
[Site "Kiel"]
[Date "2014.08.03"]
[Round "4.20"]
[White "Schmidt, Peter"]
[Black "Berger, Joachim"]
[Result "1/2-1/2"]
[WhiteElo "1924"]
[BlackElo "2025"]
[PlyCount "83"]
[EventDate "2014.??.??"]
[WhiteTeam "Kieler SG"]
[BlackTeam "Lübeck"]

1. e4 Nf6 2. Nc3 e5 3. Nf3 Nc6 4. d4 exd4 5. Nd5 Nb4 6. Bc4 Nfxd5 7. exd5 Qe7+
8. Kf1 b5 9. Bb3 Qc5 10. Qxd4 Bb7 11. Qe5+ Be7 12. Be3 Qd6 13. Qxg7 O-O-O 14.
Rd1 Nxd5 15. Ke2 Rdf8 16. Qd4 Nxe3 17. Qxe3 Qg6 18. Ne5 Qf5 19. g4 Qg5 20. f4
Qh4 21. Qxa7 Bf6 22. Bd5 Bxe5 23. Bxb7+ Kd8 24. fxe5 Qxg4+ 25. Bf3 Qc4+ 26. Ke3
Re8 27. Qa8+ Ke7 28. Qd5 Qxc2 29. Bh5 $6 (29. Qxd7+ Kf8 30. Qxb5) 29... Qf5 30.
Rhf1 $2 (30. Bxf7 $1) 30... Qxh5 31. Qxd7+ Kf8 32. Rf5 Rxe5+ 33. Rxe5 Qxe5+ 34.
Kf3 Qf6+ 35. Ke2 Qe7+ 36. Qxe7+ Kxe7 37. Rd5 c6 38. Rh5 h6 39. Ke3 Kd6 40. Kd4
f6 41. a3 Rh7 42. Rf5 1/2-1/2

[Event "Kieler Open 2014-A"]
[Site "Kiel"]
[Date "2014.08.03"]
[Round "4.21"]
[White "Kröncke, Manfred"]
[Black "Wanner, Lukas"]
[Result "1-0"]
[WhiteElo "2024"]
[BlackElo "1764"]
[PlyCount "87"]
[EventDate "2014.??.??"]
[WhiteTeam "Glückstadt"]
[BlackTeam "Doppelbauer Kiel"]

1. e4 c5 2. Nf3 d6 3. Bb5+ Bd7 4. a4 a6 5. Bc4 Nf6 6. d3 g6 7. O-O Bg7 8. e5
dxe5 9. Nxe5 O-O 10. Nd2 Nc6 11. Ndf3 e6 12. Re1 Nb4 13. Be3 Rc8 14. Qd2 Re8
15. a5 Nbd5 16. Bh6 Nh5 17. Bb3 f6 18. Nxd7 Qxd7 19. Ba4 Qd6 20. Bxe8 Rxe8 21.
Bxg7 Nxg7 22. g3 e5 23. Qe2 Nf5 24. c3 Re7 25. Nd2 Qc6 26. Qf3 Rd7 27. Nc4 Kg7
28. Red1 Qc7 29. Ne3 Nde7 30. Nxf5+ Nxf5 31. Ra3 Nd6 32. h4 Nb5 33. Ra4 Rd6 34.
h5 g5 35. Kg2 Qd7 36. Rc4 Rc6 37. Rh1 Nd6 38. h6+ Kg8 39. Qd5+ Qf7 40. Rxc5
Qxd5+ 41. Rxd5 Kf7 42. c4 Ke7 43. f4 Nf5 44. Re1 1-0

[Event "Kieler Open 2014-A"]
[Site "Kiel"]
[Date "2014.08.03"]
[Round "4.22"]
[White "Hilbig, Dieter"]
[Black "Weishäutel, Moritz"]
[Result "1-0"]
[WhiteElo "2020"]
[BlackElo "1849"]
[PlyCount "77"]
[EventDate "2014.??.??"]
[WhiteTeam "Gera"]
[BlackTeam "Erfurt"]

1. e4 e5 2. Nf3 Nc6 3. Bc4 Bc5 4. c3 Nf6 5. d3 O-O 6. Bg5 h6 7. Bh4 Be7 8. Nbd2
d6 9. Bb3 Nh5 10. Bxe7 Qxe7 11. Nf1 Be6 12. Ne3 Kh8 13. O-O Nf4 14. Bc2 f5 15.
exf5 Bxf5 16. Nxf5 Rxf5 17. g3 Nh3+ 18. Kg2 Raf8 19. Nh4 Nf4+ 20. Kh1 R5f7 21.
Bb3 Qf6 22. Bxf7 Rxf7 23. Rc1 Nh3 24. Rc2 Qe6 25. Qh5 g5 26. Ng2 g4 27. Ne3 Rg7
28. Qf5 Qxa2 29. Nxg4 Qa4 30. Ne3 Ng5 31. Kg2 Ne7 32. Qg4 Qc6+ 33. f3 Qb5 34.
Rd2 Qb3 35. Nf5 Nxf5 36. Qxf5 Ne6 37. Qe4 Nc5 38. Qe3 Kh7 39. d4 {Zeit} 1-0

[Event "Kieler Open 2014-A"]
[Site "Kiel"]
[Date "2014.08.03"]
[Round "4.23"]
[White "Blanco-Cardenas, Ernesto"]
[Black "Praczukowski, Stanislaw"]
[Result "1/2-1/2"]
[WhiteElo "1875"]
[BlackElo "2018"]
[PlyCount "155"]
[EventDate "2014.??.??"]
[WhiteTeam "Kieler SG"]
[BlackTeam "KS Laura Chylice"]

1. d4 Nf6 2. c4 e6 3. Nf3 Bb4+ 4. Bd2 c5 5. a3 Bxd2+ 6. Nbxd2 cxd4 7. Nxd4 Nc6
8. e3 O-O 9. Be2 Nxd4 10. exd4 d5 11. c5 b6 12. O-O bxc5 13. dxc5 Qc7 14. b4
Bd7 15. Qc2 Rfb8 16. Ba6 Bb5 17. Bxb5 Rxb5 18. Nb3 Ng4 19. g3 Ne5 20. Nd4 Rbb8
21. b5 $2 Nc4 22. a4 Qxc5 23. Nc6 Rb6 24. Rab1 a6 25. Ne5 Qc7 26. Nxc4 dxc4 27.
Rb4 axb5 28. axb5 c3 29. Rb3 h6 30. Rxc3 Qd7 31. Rd1 Qxb5 32. Rcd3 Rbb8 33. Rd7
Ra1 34. Qd3 Qxd3 35. R7xd3 Rxd1+ 36. Rxd1 Kf8 37. Rd7 Ke8 38. Ra7 g5 39. Kg2
Rb4 40. Rc7 Kf8 41. h3 Kg7 42. Ra7 Kg6 43. Ra6 h5 44. Ra8 Kf5 45. Ra5+ e5 46.
Kf3 Rb3+ 47. Kg2 Rb4 48. Kf3 Rb3+ 49. Kg2 f6 50. Ra4 Rb5 51. g4+ Kg6 52. Ra6 h4
53. Ra7 Rb6 54. Re7 Ra6 55. Kh2 Ra4 56. Rb7 Ra6 57. Re7 Rd6 58. Kg2 Rc6 59. Kh2
Rc4 60. Kg2 Rf4 61. Ra7 Rd4 62. Rb7 Rd2 63. Re7 Re2 64. Kf3 Ra2 65. Kg2 Ra6 66.
Kh2 Ra8 67. Kg2 Rf8 68. Ra7 f5 69. f3 fxg4 70. fxg4 Re8 71. Kf3 Re6 72. Ke4 Kf6
73. Ra8 Rb6 74. Rf8+ Ke6 75. Re8+ Kf6 76. Rf8+ Ke6 77. Re8+ Kf6 78. Rf8+
1/2-1/2

[Event "Kieler Open 2014-A"]
[Site "Kiel"]
[Date "2014.08.03"]
[Round "4.24"]
[White "Möller, Dustin"]
[Black "Jacobsen, Mikkel Manosri"]
[Result "1/2-1/2"]
[WhiteElo "1819"]
[BlackElo "2007"]
[PlyCount "73"]
[EventDate "2014.??.??"]
[WhiteTeam "Eckernförde"]

1. c4 c6 2. g3 d5 3. Nf3 e6 4. Bg2 Nf6 5. O-O dxc4 6. Qc2 b5 7. a4 Bb7 8. b3
cxb3 9. Qxb3 Qb6 10. Ne5 Bd6 11. Nd3 O-O 12. Ba3 b4 13. a5 Qb5 14. Bxb4 Bxb4
15. Qxb4 Nd5 16. Qxb5 cxb5 17. Nc3 a6 18. Nxd5 Bxd5 19. Bxd5 exd5 20. Nb4 Rc8
21. Nxd5 Rd8 22. Rfc1 Kf8 23. e4 Nd7 24. Rc7 Nf6 25. Nb6 Rab8 26. Ra2 Ke8 27.
Rac2 Nxe4 28. Ra7 Rxd2 29. Rcc7 Nd6 30. Re7+ Kf8 31. Re5 Rd8 32. Rxa6 b4 33.
Nd7+ Rxd7 34. Ra8+ Nc8 35. Rxc8+ Rd8 36. Rxd8+ Rxd8 37. Rb5 1/2-1/2

[Event "Kieler Open 2014-A"]
[Site "Kiel"]
[Date "2014.08.03"]
[Round "4.25"]
[White "Meyers, Mark"]
[Black "Bienert, Marco"]
[Result "1-0"]
[WhiteElo "2007"]
[BlackElo "1758"]
[PlyCount "49"]
[EventDate "2014.??.??"]
[WhiteTeam "Heinsberg"]

1. Nf3 Nf6 2. c4 g6 3. g3 Bg7 4. Bg2 O-O 5. Nc3 d6 6. O-O Nc6 7. Rb1 Bf5 8. d3
Qd7 9. Re1 Bg4 10. b4 Bxf3 11. Bxf3 Rab8 12. Nd5 b5 13. cxb5 Rxb5 14. Nxf6+
Bxf6 15. a4 Rbb8 16. b5 Nd4 17. Bg2 a6 18. Bh6 Bg7 19. Bxg7 Kxg7 20. e3 Nxb5
21. axb5 axb5 22. d4 Rfc8 23. Qd3 Qe8 24. Qc3 Kg8 25. Bc6 1-0